000 00501nam a2200181Ia 4500
003 GCL
008 140319s9999 xx 000 0 ara d
040 _aGCL /
_cGCL
082 0 4 _a801.95
_bك د
100 1 _aكمال عيد
245 1 0 _aدراسات فى الادب والمسرح /
_cكمال عيد
300 _a309
490 _aكتاب
_v0
650 0 4 _aالمسرحيات
650 0 4 _aالادب - تاريخ ونقد
650 0 4 _aالمسرح - تاريخ ونقد
942 _2ddc
_cBK
999 _c42701
_d42701